Paroles Je suis - Bigflo et Oli #1 - Statistiques

Statistiques générales
  • Ce quiz a été pris 1 479 fois
  • Le résultat moyen est 341 sur 500
Statistiques - réponses
Réponse % Correct
je
100%
suis
98%
à
93%
A
93%
a
93%
le
92%
ma
91%
m'a
91%
ce
90%
Ce
90%
en
89%
les
88%
Les
88%
me
88%
d'en
87%
la
87%
87%
dans
86%
Dans
86%
qui
86%
Ces
85%
de
85%
mais
85%
Mais
85%
est
84%
j'suis
84%
mon
84%
même
83%
que
83%
Au
82%
au
82%
cellule
82%
c'est
82%
par
82%
temps
82%
et
81%
se
81%
Tous
80%
tous
80%
café
79%
qu'à
79%
Enfermé
78%
jours
78%
l'étroit
78%
pas
78%
soluble
78%
des
77%
l'on
77%
Pour
77%
pour
77%
Un
76%
un
76%
fils
74%
parle
74%
tout
74%
Jean
73%
Je suis
73%
on
73%
On
73%
plus
73%
reflet
73%
j'ai
72%
J'ai
72%
Moi
72%
moi
72%
sur
72%
sûr
72%
mal
71%
Mes
71%
mes
71%
son
71%
erreurs
70%
parloir
70%
refait
70%
autant
69%
du
69%
regrette
69%
une
69%
Une
69%
j'en
68%
monde
68%
n'ai
68%
vie
67%
actions
66%
aux
66%
chien
66%
demande
66%
proche
66%
barbe
65%
bruit
65%
gens
65%
malade
65%
pu
65%
si
65%
alors
64%
dire
64%
jamais
64%
rue
64%
bonnes
63%
Comme
63%
Entre
63%
faire
63%
ils
63%
Ils
63%
63%
sont
63%
trou
63%
d'la
62%
Jaurès
62%
passants
62%
pourtant
62%
trop
62%
barbares
61%
bien
61%
compare
61%
cru
61%
parfois
61%
Parfois
61%
planté
61%
reproche
61%
être
60%
fait
60%
hiberne
60%
l'ai
60%
penser
60%
père
60%
petites
60%
poches
60%
prie
60%
Riche
60%
Sécu
60%
serrure
60%
souvent
60%
toute
60%
chambre
59%
croire
59%
doivent
59%
face
59%
mosquées
59%
n'est
59%
pièces
59%
type
59%
veulent
59%
celui
58%
dos
58%
hivers
58%
j'préfère
58%
l'être
58%
longtemps
58%
misère
58%
rien
58%
Terre
58%
terre
58%
Bercé
57%
cet
57%
Croyant
57%
fruit
57%
goûter
57%
honte
57%
j'étais
57%
l'arbre
57%
personne
57%
rassurer
57%
responsable
57%
rides
57%
j'aurais
56%
j'me
56%
J'me
56%
m'écoute
56%
naître
56%
place
56%
qu'agrandir
56%
quelqu'un
56%
vous
56%
auxquels
55%
bateau
55%
corps
55%
dit
55%
j’enchaîne
55%
moi-même
55%
n'oublie
55%
Seul
55%
verres
55%
vient
55%
arrivé
54%
"futur soigné"
54%
j'regarde
54%
larmes
54%
manquer
54%
montre
54%
part
54%
j'dois
53%
l'argent
53%
miracle
53%
peu
53%
pris
53%
surtout
53%
carte
52%
celles
52%
cette
52%
construit
52%
diront
52%
homme
52%
j'viens
52%
pays
52%
poignet
52%
postale
52%
reins
52%
toujours
52%
visage
52%
brille
51%
d'amis
51%
Enfin
51%
famille
51%
fou
51%
Gelé
51%
ici
51%
mien
51%
montagnes
51%
nos
51%
nouvelle
51%
souvenir
51%
voisine
51%
blessures
50%
donc
50%
écrit
50%
Fatigué
50%
force
50%
langue
50%
matin
50%
mirage
50%
Nouveau
50%
premières
50%
p'tits
50%
racines
50%
rappellent
50%
bientôt
49%
dernier
49%
doutes
49%
d'un
49%
fond
49%
moins
49%
poumons
49%
qu'c'est
49%
serai
49%
tard
49%
venu
49%
arbres
48%
chance
48%
compris
48%
d'air
48%
déclenchent
48%
fixent
48%
l'âge
48%
l'aiguille
48%
m'sens
48%
pupilles
48%
remplissent
48%
stable
48%
avis
47%
calme
47%
date
47%
d'place
47%
m'attend
47%
planter
47%
rire
47%
"tout va bien"
47%
voilà
47%
y'aura
47%
couloir
46%
souviens
46%
j'parle
45%
l'impression
45%
m'demande
45%
perdu
45%
océan
44%
téléphone
44%
auprès
43%
d'avoir
43%
l’ascenseur
43%
menti
43%
pression
43%
Quand
43%
ramé
43%
ressemblent
43%
ville
43%
Assis
42%
Fier
42%
J'aimerais
42%
relèverai
42%
sonneries
42%
comment
41%
monter
41%
partager
41%
c'que
40%
l'bus
40%
casse-tête
39%
j'nai
39%
l'destin
38%
marche
38%
j'ressens
37%
décrire
35%
Épuisé
31%
élargissent
25%
Aucun quiz correspondant
Distribution des résultats
% des personnes avec chaque résultat
Percentile par nombre de réponses
Votre historique - résultats
Vous n’avez pas pris ce quiz